000 01435nam a2200217 4500
003 CO-ViMGA
040 _aCO-ViMGA
_bspa
_cCO-ViMGA
082 0 4 _a363.6909861
_bP18
245 1 0 _aPatrimonio colombia :
_bdescubre nuestra mágia y realidad /
260 _aBogota
_bCorpocaribe
_c[2016]
300 _a13 DVD :
_bson., col, ; 4 3/4 plg. en caja de 20 x 20 x 14 cm
490 _aDotación PNLB -- Ministerio de Cultura
500 _a"Serie audiovisual para identificarnos con los valores de nuestra nacionalidad: musica, letras, arquitectura, gastronomia, artes visuales, gente, bellezas naturales, historia y turismo"
505 _tDVD 1. Música del Caribe --DVD 2. Cali: reina de la rumba --DVD 3. Crónicas del Caribe: El Magdalena grande -- DVD 4. La ruta de la libertad -- DVD 5. Crónicas del Caribe: el viejo Bolívar --DVD 6. Medellín : ciudad innovadora --DVD 7. El camino del café --DVD 8. Bogotá: historia, cultura y urbanismo --DVD 9. Colombia: identidad y destino -- DVD 10. Colombia ancestral -- DVD 11. Los llanos: el reino del joropo -- DVD 12. Música de Los Andes --DVD 13. Recorrido turistico
650 1 4 _aMulticulturalismo -- Caribe (Región, Colombia)
_98262
650 1 4 _aPatrimonio artistico
_zColombia
_911281
650 1 4 _aPatrimonio cultural
_zColombia
_97146
651 _aCaribe (Región)-- Historia
_xHistoria
_98263
700 1 _aContreras Torres, Marco A.
_eGuión y dirección
_911282
942 _2ddc
_cDVD
999 _c37815
_d37815